000 00634cab a2200229 4500
001 WB3301-31
008 090401t1996 xxu||||| |||| 00| 0 eng d
035 _a(Sirsi) u12942
041 _aeng
245 _aProperty funding
260 _c1996
350 _a0
490 _aDaily Telegraph
_v16 December 1996, 24(1)
520 _aResearch by Savills shows that property funding fell by one third during 1996.
650 _aEQUITY FUNDING
650 _aINVESTMENT MARKET
650 _aPROPERTY BONDS
650 _aPROPERTY FUNDING
690 _aPROPERTY-PROPERTY FINANCE AND INVESTMENT
942 _n0
948 _c04/03/1997
999 _c8311
_d8311